[Event "Junior Online 4NCL Division 1"]
[Site "online"]
[Date "2020.10.15"]
[Round "5.42"]
[White "Ball, Katie C"]
[Black "Choudhury, Anish"]
[Result "0-1"]
[WhiteElo "1577"]
[BlackElo "1607"]
[PlyCount "122"]
[EventDate "2020.10.15"]
[WhiteTeam "St Albans Early Knights 1"]
[BlackTeam "St John's College A"]

1. d4 d5 2. Nc3 Bf5 3. Bf4 e6 4. f3 Nf6 5. g4 Bg6 6. h4 h6 7. e3 c5 8. Nb5 Na6
9. Bd3 cxd4 10. exd4 Bxd3 11. Qxd3 Qa5+ 12. c3 Be7 13. Nd6+ Bxd6 14. Bxd6 O-O-O
15. b4 Qa3 16. b5 Rxd6 17. bxa6 Rxa6 18. Ne2 Nd7 19. Kf2 Rf8 20. Rhb1 g5 21.
Rb3 Qd6 22. Kg2 gxh4 23. c4 dxc4 24. Qxc4+ Rc6 25. Qb5 Rb6 26. Qc4+ Kb8 27.
Rab1 f5 28. Rxb6 Nxb6 29. Qc2 fxg4 30. fxg4 Rg8 31. Kh3 e5 32. dxe5 Qxe5 33.
Qd2 Qe4 34. Qf4+ Qxf4 35. Nxf4 Kc7 36. Kxh4 Kd6 37. Re1 Nd7 38. Kh5 Nf6+ 39.
Kxh6 Nxg4+ 40. Kh7 Rf8 41. Nd3 Kc6 42. Ne5+ Nxe5 43. Rxe5 Rf7+ 44. Kg6 Rd7 45.
Re2 Kc5 46. Kf5 Rd4 47. Ke5 Rc4 48. Ke6 b5 49. Kd7 Rd4+ 50. Kc7 a5 51. Kb7 b4
52. Ka6 a4 53. Ka5 b3 54. Rb2 Kc4 55. axb3+ axb3 56. Ka4 Kc3+ 57. Ka3 Rb4 58.
Rb1 b2 59. Ka2 Kc2 60. Ka3 Rb7 61. Ka2 Ra7# 0-1

[Event "Junior Online 4NCL Division 1"]
[Site "online"]
[Date "2020.10.15"]
[Round "5.43"]
[White "Swamy, Anshul"]
[Black "Ball, Charlie"]
[Result "1-0"]
[WhiteElo "1487"]
[BlackElo "1577"]
[PlyCount "31"]
[EventDate "2020.10.15"]
[WhiteTeam "St John's College A"]
[BlackTeam "St Albans Early Knights 1"]

1. e4 d6 2. d4 Nf6 3. Nc3 Nbd7 4. Nf3 e5 5. dxe5 dxe5 6. Bg5 Be7 7. Qd2 h6 8.
Bh4 c6 9. Bc4 Qc7 10. O-O O-O 11. Rfe1 Rd8 12. a3 Nb6 13. Qe2 Bg4 14. Bd3 Bxf3
15. Qxf3 Re8 16. b3 1-0

[Event "Junior Online 4NCL Division 1"]
[Site "online"]
[Date "2020.10.15"]
[Round "5.44"]
[White "Ravithas, Ashwin"]
[Black "Jaberansari, Benjamin"]
[Result "1-0"]
[WhiteElo "1390"]
[BlackElo "1375"]
[PlyCount "107"]
[EventDate "2020.10.15"]
[WhiteTeam "St Albans Early Knights 1"]
[BlackTeam "St John's College A"]

1. e4 d5 2. exd5 Nf6 3. Bc4 Nxd5 4. Bxd5 Qxd5 5. Nf3 Nc6 6. Nc3 Qc5 7. d4 Qb6
8. O-O Bg4 9. Nd5 Qa5 10. c4 e5 11. Bd2 Bxf3 12. Qc2 Nxd4 13. Bxa5 Nxc2 14.
Nxc7+ Kd7 15. Rac1 Rc8 16. Rxc2 Be4 17. Rd2+ Kc6 18. Nb5 Kc5 19. b3 a6 20. Nc3
Bc6 21. a3 Be7 22. Bb4+ Kb6 23. Bxe7 Rhe8 24. Bg5 f6 25. Be3+ Kc7 26. Nd5+ Bxd5
27. Rxd5 Rcd8 28. Rxd8 Rxd8 29. h3 Kc6 30. Rb1 a5 31. b4 a4 32. b5+ Kd6 33.
Rd1+ Ke7 34. Rxd8 Kxd8 35. Kf1 Kc7 36. Ke2 b6 37. Kd3 f5 38. f4 exf4 39. Bxf4+
Kd7 40. Kd4 Ke6 41. Bc7 g5 42. Bxb6 h5 43. Bc7 g4 44. hxg4 fxg4 45. b6 Kd7 46.
Bg3 Kc6 47. c5 Kb7 48. Kd5 Kc8 49. Kc6 h4 50. Bxh4 g3 51. b7+ Kb8 52. Bxg3+ Ka7
53. b8=Q+ Ka6 54. Qa8# 1-0

[Event "Junior Online 4NCL Division 1"]
[Site "online"]
[Date "2020.10.15"]
[Round "5.45"]
[White "Maton, Emily"]
[Black "Chung, Ethan Cheung Jing"]
[Result "1/2-1/2"]
[WhiteElo "1667"]
[BlackElo "1795"]
[PlyCount "127"]
[EventDate "2020.10.15"]
[WhiteTeam "St Albans Early Knights 1"]
[BlackTeam "St John's College A"]

1. g3 d5 2. Nf3 Nf6 3. Bg2 Nc6 4. d4 Bf5 5. O-O e6 6. c4 Be7 7. cxd5 exd5 8.
Nc3 O-O 9. Bf4 Bd6 10. Ne5 Bxe5 11. dxe5 Ne4 12. Nxd5 Nc5 13. Rc1 Ne6 14. Qd2
Nxf4 15. Qxf4 Be6 16. Rfd1 Bxd5 17. Bxd5 Qe7 18. Bxc6 bxc6 19. Rxc6 Rab8 20.
Rc2 Rb5 21. Rdc1 Rc8 22. Qf5 Rbb8 23. b3 c5 24. Rc4 Rc7 25. Rh4 h6 26. Re4 Rd8
27. e6 f6 28. Rec4 Rdc8 29. Qd5 Rc6 30. b4 Qxe6 31. Qxe6+ Rxe6 32. Rxc5 Rxc5
33. bxc5 Rxe2 34. c6 Re8 35. Kg2 Rc8 36. Kf3 Kf7 37. Ke4 Ke6 38. f4 Rc7 39. g4
g6 40. f5+ gxf5+ 41. gxf5+ Kd6 42. Rg1 Rxc6 43. Rg6 Rc4+ 44. Kd3 Rh4 45. Rxf6+
Ke5 46. Rf7 Rxh2 47. a4 Ra2 48. Rxa7 Kxf5 49. a5 h5 50. Kc4 h4 51. Kb5 h3 52.
Rh7 h2 53. a6 Kg4 54. Kb6 Kg3 55. Rg7+ Kf2 56. Rh7 Kg1 57. Rg7+ Kh1 58. a7 Rxa7
59. Rxa7 Kg1 60. Ra1+ Kg2 61. Ra2+ Kg1 62. Ra1+ Kg2 63. Ra2+ Kg1 64. Ra1+
1/2-1/2

[Event "Junior Online 4NCL Division 1"]
[Site "online"]
[Date "2020.10.15"]
[Round "5.46"]
[White "Choudhury, Anish"]
[Black "Ball, Katie C"]
[Result "1-0"]
[WhiteElo "1607"]
[BlackElo "1577"]
[PlyCount "67"]
[EventDate "2020.10.15"]
[WhiteTeam "St John's College A"]
[BlackTeam "St Albans Early Knights 1"]

1. e4 e6 2. d4 d5 3. e5 c5 4. c3 Ne7 5. f4 Nec6 6. Nf3 b6 7. Be3 cxd4 8. cxd4
Be7 9. Bf2 O-O 10. Be2 Ba6 11. O-O Bxe2 12. Qxe2 Nd7 13. Nbd2 Rc8 14. a3 Na5
15. g4 Rc2 16. Qd3 Qc7 17. b4 Nb7 18. f5 exf5 19. gxf5 f6 20. e6 Nb8 21. Nh4
Rc8 22. Rad1 Bd6 23. Qh3 Rc3 24. Ndf3 Be7 25. Ng6 hxg6 26. fxg6 Bd6 27. Qh7+
Kf8 28. Qh8+ Ke7 29. Qxg7+ Kxe6 30. Rde1+ Kf5 31. Nh4+ Kg4 32. Qxf6 Bxh2+ 33.
Kh1 Bd6 34. Qf5# 1-0

[Event "Junior Online 4NCL Division 1"]
[Site "online"]
[Date "2020.10.15"]
[Round "5.47"]
[White "Ball, Charlie"]
[Black "Swamy, Anshul"]
[Result "0-1"]
[WhiteElo "1577"]
[BlackElo "1487"]
[PlyCount "44"]
[EventDate "2020.10.15"]
[WhiteTeam "St Albans Early Knights 1"]
[BlackTeam "St John's College A"]

1. e4 d5 2. exd5 Nf6 3. d4 Nxd5 4. Nf3 Bf5 5. Bc4 e6 6. O-O Nc6 7. Re1 Be7 8.
b3 Ncb4 9. Re2 O-O 10. Bb2 a6 11. Nc3 Nxc3 12. Bxc3 b5 13. Bd3 Nxd3 14. cxd3
Bf6 15. Rb1 Bg4 16. Re4 Bf5 17. Re1 a5 18. Bb2 b4 19. Rc1 Qd6 20. Re2 Rfd8 21.
Rec2 Rac8 22. Rc6 Qd7 0-1

[Event "Junior Online 4NCL Division 1"]
[Site "online"]
[Date "2020.10.15"]
[Round "5.48"]
[White "Jaberansari, Benjamin"]
[Black "Ravithas, Ashwin"]
[Result "1-0"]
[WhiteElo "1375"]
[BlackElo "1390"]
[PlyCount "35"]
[EventDate "2020.10.15"]
[WhiteTeam "St John's College A"]
[BlackTeam "St Albans Early Knights 1"]

1. e4 e5 2. Nf3 Nc6 3. Nc3 Nf6 4. d4 d6 5. dxe5 dxe5 6. Qxd8+ Kxd8 7. Bg5 Bd6
8. Nd5 Be7 9. Bb5 Bd7 10. Bxc6 Bxc6 11. Nxe7 Kxe7 12. Nxe5 Bxe4 13. O-O-O h6
14. Bxf6+ gxf6 15. Nd7 Bxg2 16. Rhe1+ Kd8 17. Nb6+ Bd5 18. Rxd5# 1-0

[Event "Junior Online 4NCL Division 1"]
[Site "online"]
[Date "2020.10.15"]
[Round "5.51"]
[White "Sandhu, Manvith"]
[Black "Li, Reya"]
[Result "0-1"]
[WhiteElo "1810"]
[BlackElo "1465"]
[PlyCount "38"]
[EventDate "2020.10.15"]
[WhiteTeam "Warwickshire Bears A"]
[BlackTeam "Ojays D"]

1. e4 e5 2. Nf3 Nc6 3. Bb5 a6 4. Ba4 Nf6 5. O-O Bc5 6. c3 b5 7. Bb3 d6 8. Re1
O-O 9. h3 Bb7 10. d3 h6 11. Nbd2 Qd7 12. Nf1 Ne7 13. Ng3 Qc6 14. d4 Ba7 15.
dxe5 dxe5 16. Nxe5 Qc5 17. Be3 Qxe5 18. Bxa7 Rxa7 19. Qd7 Nxd7 0-1

[Event "Junior Online 4NCL Division 1"]
[Site "online"]
[Date "2020.10.15"]
[Round "5.52"]
[White "Masacorale, Jamie"]
[Black "Wong, Tristan"]
[Result "0-1"]
[WhiteElo "1450"]
[BlackElo "1720"]
[PlyCount "42"]
[EventDate "2020.10.15"]
[WhiteTeam "Ojays D"]
[BlackTeam "Warwickshire Bears A"]

1. d4 Nf6 2. c4 d6 3. Nc3 Nc6 4. e4 g6 5. Nf3 Bg7 6. d5 Nb8 7. Bf4 O-O 8. Bd3
c6 9. Qd2 cxd5 10. cxd5 Nbd7 11. Bh6 Nc5 12. Bxg7 Kxg7 13. O-O Nxd3 14. Qxd3
Qb6 15. b3 Bd7 16. Rac1 Rac8 17. Nd4 a6 18. f4 e5 19. fxe5 dxe5 20. Qf3 exd4
21. Qxf6+ Qxf6 0-1

[Event "Junior Online 4NCL Division 1"]
[Site "online"]
[Date "2020.10.15"]
[Round "5.53"]
[White "Kukreja, Karan"]
[Black "Byrom, Harris"]
[Result "1-0"]
[WhiteElo "1615"]
[BlackElo "1442"]
[PlyCount "159"]
[EventDate "2020.10.15"]
[WhiteTeam "Warwickshire Bears A"]
[BlackTeam "Ojays D"]

1. d4 d5 2. Bf4 Nc6 3. e3 Nf6 4. Nf3 Bf5 5. Bd3 Bxd3 6. Qxd3 e6 7. a3 Bd6 8.
Bxd6 Qxd6 9. Nbd2 O-O-O 10. c4 Rhe8 11. b4 dxc4 12. Nxc4 Qd5 13. Qc2 Ne4 14.
O-O Nd6 15. Rac1 f6 16. Na5 Nb5 17. Nxc6 Qxc6 18. Qxh7 Qd7 19. Qd3 e5 20. Qb3
e4 21. Nd2 g5 22. a4 Nd6 23. Nc4 Nxc4 24. Rxc4 Rh8 25. Rfc1 c6 26. b5 Kb8 27.
bxc6 Qc7 28. Qxb7+ Qxb7 29. cxb7 Kxb7 30. Rb4+ Ka8 31. h3 Rh7 32. Kf1 Rdh8 33.
Rbc4 Kb8 34. Ke2 Rb7 35. Rc5 Rb2+ 36. R1c2 Rb1 37. Rb5+ Rxb5 38. axb5 Kb7 39.
Rc6 Rd8 40. Rxf6 Rd5 41. Re6 Rxb5 42. Rxe4 Rb2+ 43. Kf3 Rb6 44. Re5 Rf6+ 45.
Kg3 Rg6 46. Kg4 Rf6 47. f4 gxf4 48. exf4 Rg6+ 49. Rg5 Rc6 50. d5 Rd6 51. h4 a5
52. Kf3 a4 53. Ke4 a3 54. Rg3 Ra6 55. Rxa3 Rxa3 56. g4 Ra4+ 57. Ke5 Kc7 58. h5
Ra6 59. g5 Kd7 60. h6 Ra8 61. h7 Re8+ 62. Kf6 Rf8+ 63. Kg7 Re8 64. h8=Q Rxh8
65. Kxh8 Kd6 66. g6 Kxd5 67. g7 Ke4 68. g8=Q Kxf4 69. Qe6 Kf3 70. Qe5 Kg4 71.
Qf6 Kg3 72. Qf5 Kg2 73. Qf4 Kh3 74. Qg5 Kh2 75. Kg7 Kh1 76. Kf6 Kh2 77. Kf5 Kh1
78. Kf4 Kh2 79. Kf3 Kh1 80. Qg2# 1-0

[Event "Junior Online 4NCL Division 1"]
[Site "online"]
[Date "2020.10.15"]
[Round "5.54"]
[White "McAndrew, Max"]
[Black "Amir, Zain"]
[Result "0-1"]
[WhiteElo "1367"]
[BlackElo "1577"]
[PlyCount "86"]
[EventDate "2020.10.15"]
[WhiteTeam "Ojays D"]
[BlackTeam "Warwickshire Bears A"]

1. e4 Nc6 2. d4 d5 3. Nc3 dxe4 4. d5 Nb8 5. Nxe4 Bf5 6. Nc5 Nf6 7. Bc4 c6 8.
Nxb7 Qb6 9. dxc6 Nxc6 10. Qf3 Be4 11. Qg3 Qxb7 12. c3 g6 13. Nf3 Bg7 14. Ng5
O-O 15. Qh4 Bf5 16. Bf4 Qxb2 17. O-O Qxc3 18. Bd5 Rac8 19. Rfe1 e6 20. Bxc6
Qxc6 21. Be5 Qc4 22. Qg3 Qg4 23. Qb3 Qxg5 24. Bd6 Rfe8 25. Rab1 Nd5 26. Rbd1
Red8 27. Ba3 Rb8 28. Qa4 Ra8 29. Rc1 Rdc8 30. Rxc8+ Rxc8 31. Qxa7 Qd8 32. Rb1
Bxb1 33. h3 Ra8 34. Be7 Qxe7 35. Qxe7 Nxe7 36. f4 Rxa2 37. f5 Nxf5 38. g4 Nh4
39. g5 Bd4+ 40. Kf1 Bd3+ 41. Ke1 Nf3+ 42. Kd1 Rd2+ 43. Kc1 Bb2# 0-1

[Event "Junior Online 4NCL Division 1"]
[Site "online"]
[Date "2020.10.15"]
[Round "5.55"]
[White "Li, Reya"]
[Black "Sandhu, Manvith"]
[Result "1-0"]
[WhiteElo "1465"]
[BlackElo "1810"]
[PlyCount "57"]
[EventDate "2020.10.15"]
[WhiteTeam "Ojays D"]
[BlackTeam "Warwickshire Bears A"]

1. e4 Nc6 2. Nc3 Nf6 3. g3 d6 4. Bg2 Bg4 5. Nge2 Nd4 6. d3 Bf3 7. O-O Nxe2+ 8.
Nxe2 Bxg2 9. Kxg2 e5 10. f4 Qd7 11. f5 d5 12. Be3 O-O-O 13. a4 Qc6 14. a5 dxe4
15. Kg1 exd3 16. cxd3 Bc5 17. Bxc5 Qxc5+ 18. Kh1 Qd5+ 19. Kg1 h5 20. h3 e4 21.
dxe4 Qxe4 22. Qe1 h4 23. g4 Nxg4 24. hxg4 Qxg4+ 25. Kh2 Rd3 26. Nf4 Qg3+ 27.
Qxg3 hxg3+ 28. Kg1 Rh2 29. Nxd3 1-0

[Event "Junior Online 4NCL Division 1"]
[Site "online"]
[Date "2020.10.15"]
[Round "5.56"]
[White "Wong, Tristan"]
[Black "Masacorale, Jamie"]
[Result "1-0"]
[WhiteElo "1720"]
[BlackElo "1450"]
[PlyCount "91"]
[EventDate "2020.10.15"]
[WhiteTeam "Warwickshire Bears A"]
[BlackTeam "Ojays D"]

1. d4 d5 2. Nc3 Nf6 3. Bf4 c6 4. e3 Bf5 5. Bd3 Bg6 6. h4 Nbd7 7. h5 Bxh5 8.
Rxh5 Nxh5 9. Qxh5 g6 10. Qf3 Bg7 11. O-O-O e5 12. dxe5 Nxe5 13. Bxe5 Bxe5 14.
Nh3 Bxc3 15. bxc3 Qa5 16. Ng5 O-O-O 17. Nxf7 Rhf8 18. Qg4+ Kc7 19. Nxd8 Rxd8
20. Qf4+ Kb6 21. Qb4+ Qxb4 22. cxb4 c5 23. bxc5+ Kxc5 24. e4 dxe4 25. Bxe4
Rxd1+ 26. Kxd1 b5 27. f4 a5 28. f5 gxf5 29. Bxf5 h6 30. g4 b4 31. Be6 Kd4 32.
Ke2 Kc3 33. Bb3 Kb2 34. Kf3 Ka3 35. Kf4 a4 36. Bc4 Kb2 37. Kf5 Kxc2 38. Kg6 Kc3
39. Bg8 a3 40. Kxh6 b3 41. Bxb3 Kb2 42. g5 Kc3 43. g6 Kd4 44. g7 Ke5 45. g8=Q
Kf6 46. Qg5# 1-0

[Event "Junior Online 4NCL Division 1"]
[Site "online"]
[Date "2020.10.15"]
[Round "5.57"]
[White "Byrom, Harris"]
[Black "Kukreja, Karan"]
[Result "0-1"]
[WhiteElo "1442"]
[BlackElo "1615"]
[PlyCount "112"]
[EventDate "2020.10.15"]
[WhiteTeam "Ojays D"]
[BlackTeam "Warwickshire Bears A"]

1. e4 c6 2. Nf3 d5 3. exd5 cxd5 4. Nc3 Nf6 5. d4 Bf5 6. Bf4 e6 7. Bb5+ Nbd7 8.
Ne5 a6 9. Nxd7 Nxd7 10. Bd3 Bxd3 11. Qxd3 Nf6 12. O-O Bd6 13. Bg5 h6 14. Bh4
O-O 15. Rfe1 Be7 16. Bg3 Rc8 17. Na4 b5 18. Nc3 Bb4 19. a3 Bxc3 20. bxc3 Ne4
21. Be5 Rxc3 22. Qd1 Qg5 23. f4 Qg6 24. f5 Qxf5 25. Ra2 Rfc8 26. Rf1 Qg6 27.
Rf4 Ng5 28. Rg4 f6 29. Bd6 Rxc2 30. Rxc2 Rxc2 31. h4 Qf5 32. hxg5 hxg5 33. Rg3
Rb2 34. Bb4 Rb1 35. Qxb1 Qxb1+ 36. Kh2 Kf7 37. Rc3 Qh7+ 38. Kg1 Qe4 39. Rc7+
Kg6 40. Bc5 Qb1+ 41. Kh2 Qd3 42. Re7 Qe2 43. Ra7 g4 44. Bf8 Kf5 45. Rxg7 Qe4
46. Be7 Qxd4 47. Rf7 a5 48. Rf8 b4 49. axb4 axb4 50. Rb8 Qf4+ 51. g3 Qxb8 52.
Bxb4 Qxb4 53. Kg2 Qd2+ 54. Kf1 Ke4 55. Kg1 Kf3 56. Kh1 Qg2# 0-1

[Event "Junior Online 4NCL Division 1"]
[Site "online"]
[Date "2020.10.15"]
[Round "5.58"]
[White "Amir, Zain"]
[Black "McAndrew, Max"]
[Result "1-0"]
[WhiteElo "1577"]
[BlackElo "1367"]
[PlyCount "71"]
[EventDate "2020.10.15"]
[WhiteTeam "Warwickshire Bears A"]
[BlackTeam "Ojays D"]

1. c4 e5 2. Nc3 Nc6 3. g3 Nf6 4. Bg2 g6 5. e3 Bg7 6. Nge2 d5 7. cxd5 Nb4 8.
Qa4+ Bd7 9. Qxb4 a5 10. Qb3 Rb8 11. Qd1 c6 12. dxc6 Bxc6 13. O-O Bxg2 14. Kxg2
Qc7 15. d4 Qc6+ 16. Kg1 O-O 17. dxe5 Ng4 18. h3 Nxe5 19. Nd4 Qf6 20. b3 Rbd8
21. Qe2 Nc6 22. Bb2 Nxd4 23. exd4 Qxd4 24. Rad1 Qxd1 25. Rxd1 Rxd1+ 26. Qxd1
Bxc3 27. Bxc3 f6 28. Qf3 Kg7 29. Qxb7+ Rf7 30. Qf3 a4 31. bxa4 h5 32. a5 g5 33.
Qxh5 g4 34. Qxg4+ Kf8 35. Bb4+ Ke8 36. Qc8# 1-0

[Event "Junior Online 4NCL Division 1"]
[Site "online"]
[Date "2020.10.15"]
[Round "5.61"]
[White "Saunders, Aron"]
[Black "Wall, John (jnr)"]
[Result "1-0"]
[WhiteElo "1802"]
[BlackElo "1780"]
[PlyCount "39"]
[EventDate "2020.10.15"]
[WhiteTeam "Downend Upstarts"]
[BlackTeam "Chess in Schools"]

1. e4 e6 2. d4 d5 3. exd5 exd5 4. Nf3 Bd6 5. c4 c6 6. Nc3 Ne7 7. Bg5 f6 8. Bh4
O-O 9. Be2 Be6 10. c5 Bc7 11. O-O Nd7 12. Bd3 Nf5 13. Qc2 g6 14. Rfe1 Nxh4 15.
Nxh4 Bf7 16. Nxg6 hxg6 17. Bxg6 Kg7 18. Bxf7 Rxf7 19. Re3 Re7 20. Rh3 1-0

[Event "Junior Online 4NCL Division 1"]
[Site "online"]
[Date "2020.10.15"]
[Round "5.62"]
[White "Fearnhead, Ben"]
[Black "Ahmed, Bilal"]
[Result "1-0"]
[WhiteElo "1690"]
[BlackElo "1682"]
[PlyCount "39"]
[EventDate "2020.10.15"]
[WhiteTeam "Chess in Schools"]
[BlackTeam "Downend Upstarts"]

1. e4 c5 2. d4 cxd4 3. c3 dxc3 4. Nxc3 d6 5. Nf3 Nc6 6. Bc4 e6 7. O-O Be7 8.
Qe2 a6 9. Rd1 Qc7 10. Bf4 Nf6 11. Rac1 b5 12. Nxb5 Qb6 13. Nxd6+ Bxd6 14. Bxd6
Bb7 15. e5 Nd7 16. Ng5 h6 17. Bxe6 hxg5 18. Bxd7+ Kd8 19. Bxc6 Kc8 20. Ba4+ 1-0

[Event "Junior Online 4NCL Division 1"]
[Site "online"]
[Date "2020.10.15"]
[Round "5.63"]
[White "Goodhew, Finn"]
[Black "French, Morgan"]
[Result "1-0"]
[WhiteElo "1615"]
[BlackElo "1705"]
[PlyCount "59"]
[EventDate "2020.10.15"]
[WhiteTeam "Downend Upstarts"]
[BlackTeam "Chess in Schools"]

1. d4 Nf6 2. c4 e5 3. d5 Bc5 4. Nc3 d6 5. Bg5 Bxf2+ 6. Kxf2 Ng4+ 7. Ke1 Qxg5 8.
Nf3 Qe7 9. h3 Nf6 10. e4 Nbd7 11. b4 a5 12. a3 b6 13. Nb5 Qd8 14. Bd3 Ba6 15.
Nc3 Bb7 16. Rf1 axb4 17. axb4 Rxa1 18. Qxa1 O-O 19. g4 h6 20. Qc1 Re8 21. g5
hxg5 22. Qxg5 Nf8 23. Rg1 g6 24. Nh4 Bc8 25. Nf5 Bxf5 26. exf5 N6h7 27. Qh6 g5
28. h4 g4 29. Rxg4+ Kh8 30. Qg7# 1-0

[Event "Junior Online 4NCL Division 1"]
[Site "online"]
[Date "2020.10.15"]
[Round "5.64"]
[White "Twohig, Tycho"]
[Black "Patil, Aryan"]
[Result "0-1"]
[WhiteElo "1562"]
[BlackElo "1592"]
[PlyCount "50"]
[EventDate "2020.10.15"]
[WhiteTeam "Chess in Schools"]
[BlackTeam "Downend Upstarts"]

1. e4 e5 2. Nf3 Nc6 3. d4 exd4 4. Nxd4 Nxd4 5. Qxd4 d6 6. Nc3 Nf6 7. Bf4 Be6 8.
Bb5+ c6 9. Bc4 Bxc4 10. Qxc4 Qc7 11. O-O O-O-O 12. Rad1 Nh5 13. Bg3 Nxg3 14.
fxg3 d5 15. exd5 cxd5 16. Qxc7+ Kxc7 17. Nxd5+ Kc6 18. Nb4+ Bxb4 19. Rxd8 Rxd8
20. Rxf7 Rd1+ 21. Kf2 Bc5+ 22. Ke2 Rh1 23. Rxg7 Rxh2 24. Kf3 Bd4 25. c3 Bxg7
0-1

[Event "Junior Online 4NCL Division 1"]
[Site "online"]
[Date "2020.10.15"]
[Round "5.65"]
[White "Wall, John (jnr)"]
[Black "Saunders, Aron"]
[Result "0-1"]
[WhiteElo "1780"]
[BlackElo "1802"]
[PlyCount "46"]
[EventDate "2020.10.15"]
[WhiteTeam "Chess in Schools"]
[BlackTeam "Downend Upstarts"]

1. d4 Nf6 2. Bf4 g6 3. e3 Bg7 4. Nd2 O-O 5. Ngf3 b6 6. c4 Bb7 7. Be2 e6 8. O-O
d5 9. Rc1 Nbd7 10. Qb3 c5 11. cxd5 Bxd5 12. Bc4 cxd4 13. exd4 Rc8 14. Rfd1 Qe7
15. Bg5 Qd6 16. Re1 Rfe8 17. Ne5 a6 18. Nxd7 Nxd7 19. Bxd5 exd5 20. Bh4 Rxc1
21. Rxc1 Qf4 22. Qxd5 Qxd2 23. Rf1 Bxd4 0-1

[Event "Junior Online 4NCL Division 1"]
[Site "online"]
[Date "2020.10.15"]
[Round "5.66"]
[White "Ahmed, Bilal"]
[Black "Fearnhead, Ben"]
[Result "0-1"]
[WhiteElo "1682"]
[BlackElo "1690"]
[PlyCount "51"]
[EventDate "2020.10.15"]
[WhiteTeam "Downend Upstarts"]
[BlackTeam "Chess in Schools"]

1. e4 e5 2. Nf3 Nc6 3. Bb5 a6 4. Ba4 Nf6 5. O-O Be7 6. Re1 b5 7. Bb3 O-O 8. c3
d5 9. exd5 Nxd5 10. Nxe5 Nxe5 11. Rxe5 c6 12. Qf3 Bd6 13. Re1 Qh4 14. g3 Qh3
15. Bxd5 Bg4 16. Qg2 Rfe8 17. Qf1 cxd5 18. f3 Rxe1 19. Qxe1 Bxf3 20. Qf1 Qg4
21. Qf2 Re8 22. d3 Re2 23. Qb6 Re1+ 24. Kf2 Bxg3+ 25. hxg3 Re2+ 26. Kg1 0-1

[Event "Junior Online 4NCL Division 1"]
[Site "online"]
[Date "2020.10.15"]
[Round "5.67"]
[White "French, Morgan"]
[Black "Goodhew, Finn"]
[Result "0-1"]
[WhiteElo "1705"]
[BlackElo "1615"]
[PlyCount "34"]
[EventDate "2020.10.15"]
[WhiteTeam "Chess in Schools"]
[BlackTeam "Downend Upstarts"]

1. d4 Nf6 2. c4 g6 3. Nc3 d5 4. cxd5 Nxd5 5. Nxd5 Qxd5 6. Nf3 c5 7. Bf4 Nc6 8.
dxc5 Qxc5 9. a3 Bg7 10. Rc1 Qb6 11. b4 O-O 12. e3 Bb2 13. Rb1 Bxa3 14. b5 Rd8
15. Qb3 Qa5+ 16. Ke2 Bg4 17. bxc6 Qd2# 0-1

[Event "Junior Online 4NCL Division 1"]
[Site "online"]
[Date "2020.10.15"]
[Round "5.68"]
[White "Patil, Aryan"]
[Black "Twohig, Tycho"]
[Result "1-0"]
[WhiteElo "1592"]
[BlackElo "1562"]
[PlyCount "45"]
[EventDate "2020.10.15"]
[WhiteTeam "Downend Upstarts"]
[BlackTeam "Chess in Schools"]

1. e4 e5 2. Nf3 Nc6 3. Bb5 d6 4. d4 exd4 5. Nxd4 Bd7 6. Nxc6 Bxc6 7. Bxc6+ bxc6
8. O-O Nf6 9. Nc3 Be7 10. Bg5 Nxe4 11. Bxe7 Qxe7 12. Nxe4 O-O 13. Qf3 d5 14.
Ng3 Rab8 15. b3 Qe5 16. Rfe1 Qb2 17. Qf4 Rfe8 18. Qxc7 Qc3 19. Kf1 Qxc2 20. Qd7
Qd3+ 21. Kg1 Qc3 22. Rxe8+ Rxe8 23. Qxe8# 1-0

[Event "Junior Online 4NCL Division 1"]
[Site "online"]
[Date "2020.10.15"]
[Round "5.71"]
[White "Dasgupta, Avyukt"]
[Black "Ismail, Mohammed Aayan"]
[Result "0-1"]
[WhiteElo "1675"]
[BlackElo "2117"]
[PlyCount "106"]
[EventDate "2020.10.15"]
[WhiteTeam "Watford Juniors A"]
[BlackTeam "KJCA Young Kestrels A"]

1. d4 Nf6 2. Bf4 e6 3. Nf3 c5 4. e3 Nc6 5. c3 Qb6 6. Qd2 cxd4 7. cxd4 Ne4 8.
Qc2 Bb4+ 9. Nc3 Qa5 10. Rc1 d5 11. a3 Bxc3+ 12. bxc3 Qxa3 13. Bd3 f5 14. O-O
O-O 15. Nd2 Bd7 16. f3 Nxd2 17. Qxd2 Qe7 18. e4 Rac8 19. exd5 exd5 20. Rfe1 Qf7
21. Re2 Rfe8 22. Rce1 Rxe2 23. Rxe2 Be6 24. Qe3 Bd7 25. Qf2 Ne7 26. Qe1 Ng6 27.
Be5 Qf8 28. f4 Qa3 29. Rc2 b5 30. Qd2 a5 31. g4 Nh4 32. Qf2 Qa1+ 33. Bf1 Ng6
34. gxf5 Bxf5 35. Rb2 b4 36. cxb4 Rc1 37. bxa5 Bd3 38. Rb8+ Kf7 39. Rb7+ Ne7
40. Rxe7+ Kxe7 41. Qh4+ Kd7 42. Qg4+ Kc6 43. Qc8+ Kb5 44. Qb7+ Kxa5 45. Bc7+
Ka4 46. Qa7+ Kb3 47. Qb6+ Kc2 48. Qc5+ Bc4 49. Qb4 Rxf1+ 50. Kg2 Rg1+ 51. Kh3
Qf1+ 52. Kh4 Qf2+ 53. Kh5 Qxh2# 0-1

[Event "Junior Online 4NCL Division 1"]
[Site "online"]
[Date "2020.10.15"]
[Round "5.72"]
[White "Ratnesan, Rajeiv"]
[Black "Demjan, Denisz"]
[Result "1-0"]
[WhiteElo "2065"]
[BlackElo "1405"]
[PlyCount "53"]
[EventDate "2020.10.15"]
[WhiteTeam "KJCA Young Kestrels A"]
[BlackTeam "Watford Juniors A"]

1. Nf3 Nf6 2. g3 g6 3. Bg2 Bg7 4. O-O Nc6 5. c4 b6 6. Nc3 Bb7 7. d4 e6 8. e4 d5
9. exd5 exd5 10. Nxd5 Nxd5 11. cxd5 Qxd5 12. Re1+ Ne7 13. Nh4 Qxd4 14. Qxd4
Bxd4 15. Bxb7 Rb8 16. Bc6+ Kd8 17. Bg2 Ke8 18. Bg5 f6 19. Bf4 Rc8 20. Bh3 f5
21. Bg5 Bc5 22. Re2 Kf7 23. Rae1 Nc6 24. Bg2 Nd4 25. Bd5+ Kf8 26. Re8+ Rxe8 27.
Bh6# 1-0

[Event "Junior Online 4NCL Division 1"]
[Site "online"]
[Date "2020.10.15"]
[Round "5.73"]
[White "Khandelwal, Akshaj"]
[Black "Watson, Mikey J"]
[Result "0-1"]
[WhiteElo "1405"]
[BlackElo "2080"]
[PlyCount "106"]
[EventDate "2020.10.15"]
[WhiteTeam "Watford Juniors A"]
[BlackTeam "KJCA Young Kestrels A"]

1. d4 Nf6 2. c4 c5 3. e3 cxd4 4. exd4 d5 5. Nc3 Nc6 6. Nf3 g6 7. Be3 Bg7 8. g3
O-O 9. Bg2 Bg4 10. O-O dxc4 11. d5 Ne5 12. h3 Nxf3+ 13. Bxf3 Bxh3 14. Re1 Nd7
15. Bg4 Bxg4 16. Qxg4 Ne5 17. Qf4 Nd3 18. Qxc4 Nxe1 19. Rxe1 Rc8 20. Qb3 b6 21.
Rd1 Qd7 22. Nb5 Rfd8 23. Bf4 Rc5 24. Nc3 Bxc3 25. bxc3 Rxd5 26. Rxd5 Qxd5 27.
Qxd5 Rxd5 28. Bb8 Ra5 29. Kg2 Rxa2 30. Kf3 Kg7 31. Ke4 a5 32. Bc7 b5 33. Kd5 b4
34. cxb4 axb4 35. Kc4 Rc2+ 36. Kxb4 Rxc7 37. f4 Kf6 38. g4 e6 39. Kb5 e5 40.
fxe5+ Kxe5 41. g5 Kf5 42. Kb4 Kxg5 43. Kb5 Kf4 44. Kb6 Rc1 45. Kb5 h5 46. Kb4
h4 47. Kb3 h3 48. Kb2 Rc7 49. Kb3 h2 50. Kb4 h1=Q 51. Kb5 Qb7+ 52. Ka5 Rc6 53.
Ka4 Ra6# 0-1

[Event "Junior Online 4NCL Division 1"]
[Site "online"]
[Date "2020.10.15"]
[Round "5.74"]
[White "Merriman, James"]
[Black "Chan, Daniel"]
[Result "1-0"]
[WhiteElo "1975"]
[BlackElo "1382"]
[PlyCount "39"]
[EventDate "2020.10.15"]
[WhiteTeam "KJCA Young Kestrels A"]
[BlackTeam "Watford Juniors A"]

1. d4 d5 2. c4 Nf6 3. cxd5 Nxd5 4. e4 Nb6 5. Nc3 Nc6 6. d5 Nb8 7. h3 c6 8. Nf3
cxd5 9. exd5 e6 10. Bb5+ Bd7 11. dxe6 Bxb5 12. exf7+ Ke7 13. Bg5+ Kxf7 14. Qxd8
Nc6 15. Qc7+ Ke6 16. Nxb5 Bb4+ 17. Nc3 Rhf8 18. O-O Rf7 19. Rfe1+ Kf5 20. Qxf7#
1-0